00331nam a22001337a 4500008004100000020001800041041000800059080000800067100000700075101000800082245007800090942001200168999001700180181025b xxu||||| |||| 00| 0 eng d a9781269815284 aeng a541 a11 aBIO aThe Pearson Custom Library For The Biological SciencescCulumber.M.D 2udccBK c50906d50906